000 00208 a2200109 4500
001 51115
040 _cAnchieta - Pituba
240 1 0 _aCaramuru
_l
245 1 0 _aCaramuru
650 4 _aGeneralidades
942 _cMX
999 _c51115
_d51115